000
00325 a2200145 4500
001
152810
040
_c
Escola São Tomás de Aquino
100
_a
ROCHA, Ruth
240
1
0
_a
O macaco bombeiro
_l
por
245
1
0
_a
O macaco bombeiro
362
0
_a
2006
440
1
_a
Salamandra
697
_a
*LITERATURA INFANTO
942
_c
BK
999
_c
152810
_d
152810